[Event "UGA-ch"]
[Site "Kampala"]
[Date "2011.12.06"]
[Round "3"]
[White "Mpasa, Peter"]
[Black "Mugabi, Brian"]
[Result "0-1"]
[WhiteElo "1950"]
[BlackElo "2000"]
[PlyCount "74"]
[EventDate "2011.12.05"]
[EventType "swiss"]
[EventRounds "10"]
[EventCountry "UGA"]
[SourceTitle "EXT 2013"]
[Source "ChessBase"]
[SourceDate "2012.11.22"]
[SourceVersion "1"]
[SourceVersionDate "2012.11.22"]
[SourceQuality "1"]

1. e4 e5 2. d3 Bc5 3. a4 Nc6 4. c3 h6 5. b4 Be7 6. Nf3 d6 7. Be2 Nf6 8. Nbd2 0-0 9. h3 Nh7 10. Ba3 f5 11. Qb3+ Kh8 12. b5 Na5 13. Qb4 b6 14. Nxe5 Qe8 15. Bf3 Ng5 16. Nec4 Nxf3+ 17. Nxf3 fxe4 18. dxe4 Nxc4 19. Qxc4 Bd8 20. Qd5 Rb8 21. Nd2 Bg5 22. f3 Qg6 23. 0-0-0 Be6 24. Qd3 Bb3 25. Rdg1 Qe6 26. Kb1 Bxd2 27. Qxd2 Bxa4 28. Bb2 Bxb5 29. Rc1 Bc4 30. Ba3 b5 31. Rhe1 Qe5 32. Qd4 Rfe8 33. Bb2 Qg5 34. Rcd1 a5 35. Bc1 Qe5 36. f4 Qxd4 37. cxd4 c6 0-1